Statistics for The Ultimate NBA 2023-24 Quiz

Click here to take the quiz!

General Stats

  • This quiz has been taken 65 times
    (31 since last reset)
  • The average score is 17 of 30

Answer Stats

QuestionAnswer% Correct
Which player scored his 40,000th point, solidifying his spot as the all time leading scorer?Lebron James
100%
How many points did Luka Doncic score against the Atlanta Hawks on the 27th of January?73
83%
Which player did the Miami heat trade Kyle Lowry for?Terry Rozier
83%
Which Orlando Magic player did Gradey Dick hilariously swap his jersey with?Anthony Black
79%
Which player fittingly wore a Slenderman outfit when arriving to the Halloween game this season?Victor Wembanyama
79%
Which future WNBA player has the capabilities to play in the NBA, according to some fans and analysts?Caitlin Clark
76%
Which player had 2 game winners against their first round playoff matchup?Jamal Murray
76%
Which player had what is commonly regarded to as the worst dunk contest performance in NBA history?Jaylen Brown
72%
Which player led the league in scoring from the free throw area? (Purely in-game shooting, no free throws)Joel Embiid
72%
Which player is just 1 triple double shy of having their 200th?Russell Westbrook
72%
Which player was handed a lifetime ban from the NBA due to a gambling scandal?Jontay Porter
69%
To the nearest million, how much money did Stephen Curry make this year?$52,000,000
62%
Who did Shaq compare Victor Wembanyama to?Bol Bol
62%
Which player made 33 consecutive FGM, spanning across 5 games?Daniel Gafford
62%
Which player was unintentionally concussed by Anthony Edwards after being dunked on?John Collins
62%
Which player led the league in 3P% this year?Grayson Allen
59%
How long was Max Strus' 3-point shot to beat the Mavericks on February 27th in feet?59
55%
Which player attempted 32 free throws in his 64 outing?Giannis Antetokounmpo
55%
Which player shocked the world by dropping 50 points on 72FG% against the Atlanta Hawks?Malachi Flynn
55%
Which NBA team has 0 of their own picks before 2031, only two second round picks given from San Antonio and Boston?Phoenix Suns
55%
What number would you get if you combined Luka Doncic's PPG, Domantas Sabonis' RPG, Tyrese Haliburton's APG, Victor Wembanyama's BPG and De'Aaron Fox's SPG? (to the nearest whole number)64
48%
What city was the All-Star game held in this year?Indianapolis
48%
A penalty was implemented this year in order to stop this unsportsmanlike playFlopping
45%
I averaged 16.6 PPG, 5.1 RPG, 8.5 APG and was traded this season, who am I?James Harden
45%
Who suffered a torn right patellar tendon after a collision, despite not checking into the game?Chris Finch
31%
Which team did Devin Booker drop 52 points on twice?New Orleans Pelicans
24%
Which player had 15 offensive rebounds in a game, placing him as t-6th in all time offensive rebounds in a game?Mark Williams
21%
Which guard stands at a mere 5'7?Markquis Nowell
17%
Which player had the worst plus/minus this season with -633Miles Bridges
14%
Which player had a block percentage of 10.20%, putting him at 4th all time, after Manute Bol at 1, 2 and 3?Walker Kessler
14%

Score Distribution

Percentile by Number Answered

Percent of People with Each Score

Your Score History

You have not taken this quiz since the last reset